00223nam a2200085Ia 450000500170000000800410001724500520005826000100011099900170012020250523150954.0250523s9999 xx 000 0 und d 0aHer Şeyi Satarım Ruhum Hariç 2cHakan Yel bALTIN c11906d11906